000 00623nam a2200241Ia 4500
003 OSt
005 20221005120031.0
006 a|||||r|||| 00| 0
007 ta
008 221004b |||||||| |||| 00| 0 eng d
024 _a42901
037 _cTextual
040 _aCRL
_cCRL
_beng
041 _2eng
_aeng
082 _aO13:2C52:1, 111G2
100 _aEuripides
245 0 _aCyclopes freely tr and adapted by J T Sheppard
260 _c1932
650 _a ENGLISH LITERATURE
650 _aGREEK LITERATURE
942 _hO13:2C52:1, 111G2
_cTEXL
_2cc
999 _c1036646
_d1036646